| 000 | 00582nam a2200181Ia 4500 | ||
|---|---|---|---|
| 003 | IN-BaIIA | ||
| 008 | 211028s9999 xx 000 0 eng d | ||
| 020 | _a0-471-82102-0 | ||
| 040 | _cIIA Library | ||
| 080 |
_a621.396.67 _bSTE |
||
| 100 |
_aSteinberg, B. D _99988 |
||
| 245 | 0 |
_aPrinciples of aperture and array system design _bincluding random and adaptive arrays _cB. D. Steinberg |
|
| 260 |
_aNew York _bJohn Wiley & Sons _c1976 |
||
| 300 | _axxi, 356p. | ||
| 650 |
_aAntenna arrays _99989 |
||
| 650 | _aNASA thesaurus | ||
| 942 | _cBK | ||
| 999 |
_c5765 _d5765 |
||